000 01030nam a2200253Ia 4500
003 OSt
005 20220930080103.0
006 a|||||r|||| 00| 0
007 ta
008 220926b |||||||| |||| 00| 0 eng d
024 _a85107
037 _cTheses
040 _aCRL
_cCRL
_beng
041 _2eng
_aeng
100 _aBansal Lata nee Lata Agarwal
_9538043
110 _aUniversity of Delhi. Faculty of Inter-disciplinary and Applied Sciences. Department of Microbiology
_9522371
245 0 _aProduction of succinic acid from Escherichia coli M87049 and Enterococcus flavescens by anaerobic fermentation
_b Process development, purification and important applications
260 _aDelhi
_bUniversity of Delhi India
_c2006
650 _aMICROBIOLOGY
700 _a Prof. R. K. Saxena Gu.
700 _aUniversity of Delhi. Faculty of Inter-disciplinary and Applied Sciences. Department of Microbiology
_9522372
942 _cDIS
_2CC
999 _c869281
_d869281